<?xml version="1.0" encoding="UTF-8"?>
<record
    xmlns:xsi="http://www.w3.org/2001/XMLSchema-instance"
    xsi:schemaLocation="http://www.loc.gov/MARC21/slim http://www.loc.gov/standards/marcxml/schema/MARC21slim.xsd"
    xmlns="http://www.loc.gov/MARC21/slim">

  <leader>02523cab a2200301Ia 45 0</leader>
  <controlfield tag="001">u195877</controlfield>
  <controlfield tag="003">SIRSI</controlfield>
  <controlfield tag="008">111025s2005    ua     ss b         eng d</controlfield>
  <datafield tag="040" ind1=" " ind2=" ">
    <subfield code="a">EAL</subfield>
  </datafield>
  <datafield tag="041" ind1=" " ind2=" ">
    <subfield code="a">eng</subfield>
    <subfield code="b">ara</subfield>
  </datafield>
  <datafield tag="090" ind1=" " ind2=" ">
    <subfield code="a">ART MUJAS V30 No12 B 19</subfield>
  </datafield>
  <datafield tag="100" ind1="1" ind2=" ">
    <subfield code="a">Awad, El-S. M.</subfield>
  </datafield>
  <datafield tag="240" ind1="1" ind2="0">
    <subfield code="a">Mansoura University journal of agricultural sciences, 2005 v. 30 (12)</subfield>
    <subfield code="n">part B</subfield>
    <subfield code="h">[electronic resource].</subfield>
  </datafield>
  <datafield tag="245" ind1="1" ind2="4">
    <subfield code="a">The influence of organic and mineral fertilization on growth, yield and quality of potato crop</subfield>
    <subfield code="h">[electronic resource].</subfield>
  </datafield>
  <datafield tag="246" ind1="1" ind2="5">
    <subfield code="a">&#x62A;&#x623;&#x62B;&#x64A;&#x631; &#x627;&#x644;&#x62A;&#x633;&#x645;&#x64A;&#x62F; &#x627;&#x644;&#x639;&#x636;&#x648;&#x649; &#x648;&#x627;&#x644;&#x645;&#x639;&#x62F;&#x646;&#x649; &#x639;&#x644;&#x649; &#x627;&#x644;&#x646;&#x645;&#x648; &#x648;&#x627;&#x644;&#x645;&#x62D;&#x635;&#x648;&#x644; &#x648;&#x627;&#x644;&#x62C;&#x648;&#x62F;&#x629; &#x641;&#x649; &#x645;&#x62D;&#x635;&#x648;&#x644; &#x627;&#x644;&#x628;&#x637;&#x627;&#x637;&#x633;.&#x202A;</subfield>
  </datafield>
  <datafield tag="300" ind1=" " ind2=" ">
    <subfield code="a">P. 7965-7975.</subfield>
  </datafield>
  <datafield tag="504" ind1=" " ind2=" ">
    <subfield code="a">Includes references.</subfield>
  </datafield>
  <datafield tag="520" ind1=" " ind2=" ">
    <subfield code="a">Two field experiments were carried out during the two successive fall (nili) seasons of 2003/2004 and 2004/2005 on potato cv. Spunta at Abou Awad village, Aga, Dakahlia Governorate, to study the influence of organic manures (farmyard. biogas and chicken), and mineral fertilizers NPK at the recommended rates fed. in alone and/or combined application, on growth, yield and quality of potato crop. The results revealed that addition 50% of chicken manure combined with 50% mineral fertilizers (NPK) gave the highest values of vegetative growth characteristics (plant height, number of main stems/plant, chlorophyll content and foliage fresh and dry weight (%) at 75 days after planting (DAP), total tubers yield t/fed., number of tubers/plant, tubers average weight, tubers dry matter (%) and specific gravity at harvest in both seasons., Application of mineral fertilization at recommended full rates of NPK gave the highest content of NPK in leaves at 75 DAP and tubers at harvesting in both seasons. On the other hand, the lowest content of nitrate (ppm) in tubers was obtained from plants received farmyard manure alone. Therefore, organic manure must be used as a substitute for chemical fertilizers requirements in potatoes production especially for exportation and also, reduce the risks of environmental pollution.</subfield>
  </datafield>
  <datafield tag="546" ind1=" " ind2=" ">
    <subfield code="a">Summary in Arabic.</subfield>
  </datafield>
  <datafield tag="650" ind1=" " ind2="0">
    <subfield code="a">Organic fertilizers.</subfield>
  </datafield>
  <datafield tag="650" ind1=" " ind2="0">
    <subfield code="a">Potatoes</subfield>
    <subfield code="x">Fertilizers.</subfield>
  </datafield>
  <datafield tag="650" ind1=" " ind2="0">
    <subfield code="a">Potatoes</subfield>
    <subfield code="x">Breeding.</subfield>
  </datafield>
  <datafield tag="650" ind1=" " ind2="0">
    <subfield code="a">Potatoes</subfield>
    <subfield code="x">Varieties</subfield>
  </datafield>
  <datafield tag="650" ind1=" " ind2="3">
    <subfield code="a">Mineral fertilizers.</subfield>
  </datafield>
  <datafield tag="773" ind1="0" ind2=" ">
    <subfield code="t">Mansoura University Journal of Agricultural Sciences. </subfield>
    <subfield code="g">2005.v.30(12)part-B</subfield>
    <subfield code="x">1110-0346</subfield>
    <subfield code="7">nnas</subfield>
    <subfield code="w">u182197</subfield>
  </datafield>
  <datafield tag="856" ind1="4" ind2="0">
    <subfield code="u">http://nile.enal.sci.eg/EALE/2005/MUJAS/3005/12/B/7965.pdf</subfield>
    <subfield code="z">Full Text Article.</subfield>
  </datafield>
  <datafield tag="596" ind1=" " ind2=" ">
    <subfield code="a">1</subfield>
  </datafield>
  <datafield tag="942" ind1=" " ind2=" ">
    <subfield code="c">AR</subfield>
    <subfield code="2">lcc</subfield>
  </datafield>
  <datafield tag="999" ind1=" " ind2=" ">
    <subfield code="c">48993</subfield>
    <subfield code="d">48993</subfield>
  </datafield>
</record>
